[Event "Woerishofen sen 2016"]
[Site "Bad Woerishofen"]
[Date "2016.02.27"]
[Round "2.32"]
[White "Hoeschele, Hans Ulrich"]
[Black "Aufmwasser, Guenter"]
[Result "1-0"]
[WhiteElo "1979"]
[BlackElo "1701"]
[PlyCount "101"]
[EventDate "2016.02.26"]
[EventType "swiss"]
[EventCountry "GER"]
[WhiteTeam "Stuttgarter SF"]
[BlackTeam "Hilden SV"]
[WhiteTeamCountry "GER"]
[BlackTeamCountry "GER"]

1. d4 Nf6 2. Nf3 g6 3. g3 Bg7 4. Bg2 d5 5. O-O O-O 6. Nbd2 c6 7. c4 e6 8. b3
Nbd7 9. Bb2 Re8 10. Qc2 Ng4 11. h3 Nh6 12. e4 f5 13. exd5 exd5 14. Rae1 Rxe1
15. Rxe1 Nf6 16. Ne5 Nf7 17. Nxf7 Kxf7 18. Kh2 Be6 19. Nf3 Ne4 20. Ne5+ Kg8 21.
f3 Ng5 22. h4 Nf7 23. Nxg6 hxg6 24. Rxe6 Bf6 25. cxd5 cxd5 26. Qd3 Kg7 27. Bc1
Qc7 28. Bf4 Qd7 29. Re2 Rh8 30. Kg1 Nd6 31. Be5 Rc8 32. Qe3 Nf7 33. f4 Bxe5 34.
fxe5 Qe6 35. Qf3 Rd8 36. Qe3 Rc8 37. Kh2 Nh6 38. Bh3 Rf8 39. Rf2 Ng4+ 40. Bxg4
fxg4 41. Rxf8 Kxf8 42. Qg5 Qf7 43. Qf4 Kg7 44. Qxf7+ Kxf7 45. Kg2 Ke6 46. Kf2
Kf5 47. Ke3 g5 48. h5 b6 49. b4 a6 50. a4 b5 51. a5 1-0

[Event "Woerishofen sen 2016"]
[Site "Bad Woerishofen"]
[Date "2016.02.27"]
[Round "2.33"]
[White "Okrajek, Alexander"]
[Black "Taufratshofer, Martin"]
[Result "1-0"]
[WhiteElo "2224"]
[BlackElo "2009"]
[PlyCount "67"]
[EventDate "2016.02.26"]
[EventType "swiss"]
[EventCountry "GER"]
[WhiteTeam "Siegburg SC"]
[BlackTeam "Oberguenzburg SK"]
[WhiteTeamCountry "GER"]
[BlackTeamCountry "GER"]

1. Nf3 g6 2. e4 Bg7 3. d4 d6 4. Nc3 a6 5. a4 b6 6. Bc4 e6 7. Bg5 Ne7 8. Qd2 Nd7
9. O-O Bb7 10. Rad1 O-O 11. Rfe1 Qe8 12. Qf4 Kh8 13. Bh6 Ng8 14. Bxg7+ Kxg7 15.
h4 Ngf6 16. e5 Nh5 17. Qe3 Bxf3 18. Qxf3 d5 19. Nxd5 exd5 20. Bxd5 Kh8 21. Bxa8
Qxa8 22. Qxa8 Rxa8 23. g3 Ng7 24. d5 Re8 25. f4 Kg8 26. Kf2 h5 27. Re4 Nc5 28.
Rc4 a5 29. c3 Nf5 30. b4 Na6 31. bxa5 bxa5 32. Rc6 Ra8 33. d6 cxd6 34. exd6 1-0

[Event "Woerishofen sen 2016"]
[Site "Bad Woerishofen"]
[Date "2016.02.27"]
[Round "2.34"]
[White "Schmidt, Eugen"]
[Black "Alefs, Heinz"]
[Result "1-0"]
[WhiteElo "1969"]
[BlackElo "2016"]
[PlyCount "79"]
[EventDate "2016.02.26"]
[EventType "swiss"]
[EventCountry "GER"]
[WhiteTeam "Oos SF"]
[BlackTeam "Eichenau SC"]
[WhiteTeamCountry "GER"]
[BlackTeamCountry "GER"]

1. e4 d6 2. d4 g6 3. Nc3 Bg7 4. Bf4 Nc6 5. Nge2 a6 6. Qd2 e5 7. dxe5 Nxe5 8.
Ng3 Be6 9. O-O-O Ne7 10. Bh6 Bf6 11. Be2 N7c6 12. Nd5 Ng4 13. Bxg4 Bxg4 14. f3
Be6 15. Nxf6+ Qxf6 16. Kb1 O-O-O 17. Bg5 Qe5 18. f4 Qc5 19. Bxd8 Rxd8 20. Rdf1
Nb4 21. a3 Nc6 22. f5 Bc4 23. Rf3 Nd4 24. Rc3 Nb5 25. Re3 d5 26. Rd1 d4 27. Rf3
d3 28. cxd3 Qb6 29. Qf2 Nc3+ 30. Kc1 Na2+ 31. Kd2 Qxb2+ 32. Ke1 Qc3+ 33. Kf1
Rxd3 34. Rfxd3 Bxd3+ 35. Kg1 Nc1 36. fxg6 fxg6 37. Qf8+ Kd7 38. Qf4 Nb3 39. Qe3
Nc5 40. Rc1 1-0

[Event "Woerishofen sen 2016"]
[Site "Bad Woerishofen"]
[Date "2016.02.27"]
[Round "2.35"]
[White "Bartlitz, Heinz"]
[Black "Oud, Niek"]
[Result "0-1"]
[WhiteElo "1659"]
[BlackElo "1952"]
[PlyCount "80"]
[EventDate "2016.02.26"]
[EventType "swiss"]
[EventCountry "GER"]
[WhiteTeam "Bramfelder SK"]
[BlackTeam "NED"]
[WhiteTeamCountry "GER"]
[BlackTeamCountry "NED"]

1. e4 c5 2. Nc3 Nc6 3. f4 d6 4. Nf3 Nf6 5. d3 g6 6. Be2 Bg7 7. O-O O-O 8. a3 e6
9. h3 Qc7 10. Be3 Re8 11. Nh2 Nd4 12. Ng4 Nh5 13. Kh2 Bd7 14. Rb1 Bc6 15. Nf2
Nxe2 16. Qxe2 b6 17. Nh1 d5 18. Bc1 d4 19. Nd1 Rad8 20. Ng3 Nxg3 21. Kxg3 Kh8
22. Kh2 f5 23. e5 g5 24. g3 gxf4 25. Bxf4 Rd5 26. Re1 Bb7 27. b3 Qc6 28. Qg2
Qd7 29. Qe2 Rg8 30. Nb2 b5 31. a4 a6 32. axb5 axb5 33. Rg1 Qc7 34. Rge1 Ra8 35.
Ra1 Rxa1 36. Rxa1 Bxe5 37. Bxe5+ Rxe5 38. Qf2 Re3 39. Rg1 Qe5 40. Rf1 Re2 0-1

[Event "Woerishofen sen 2016"]
[Site "Bad Woerishofen"]
[Date "2016.02.27"]
[Round "2.36"]
[White "Wraga, Teresa"]
[Black "Oppermann, Peter"]
[Result "0-1"]
[WhiteElo "1687"]
[BlackElo "1933"]
[PlyCount "46"]
[EventDate "2016.02.26"]
[EventType "swiss"]
[EventCountry "GER"]
[WhiteTeam "Osnabrueck SG"]
[BlackTeam "Harzburg Bad SK"]
[WhiteTeamCountry "GER"]
[BlackTeamCountry "GER"]

1. e4 e6 2. d3 d5 3. Nd2 c5 4. Ngf3 Nc6 5. g3 Nf6 6. Bg2 Be7 7. O-O O-O 8. e5
Nd7 9. Re1 f6 10. exf6 Bxf6 11. Rxe6 Nde5 12. Rxc6 Nxc6 13. h4 Bg4 14. c3 Qd7
15. Qc2 Rae8 16. Nf1 d4 17. N1h2 Bf5 18. Bg5 c4 19. Bf1 dxc3 20. Bxf6 Rxf6 21.
Qxc3 cxd3 22. Nd2 Ne5 23. Bxd3 Bxd3 0-1

[Event "Woerishofen sen 2016"]
[Site "Bad Woerishofen"]
[Date "2016.02.27"]
[Round "2.37"]
[White "Abegg, Beat"]
[Black "Traversi, Carlo"]
[Result "1-0"]
[WhiteElo "1914"]
[BlackElo "1572"]
[PlyCount "141"]
[EventDate "2016.02.26"]
[EventType "swiss"]
[EventCountry "GER"]
[WhiteTeam "SUI"]
[BlackTeam "ITA"]
[WhiteTeamCountry "SUI"]
[BlackTeamCountry "ITA"]

1. d4 d6 2. Nf3 Nf6 3. c4 g6 4. g3 Bg7 5. Nc3 O-O 6. Bg2 c6 7. O-O Nbd7 8. e4
e5 9. Re1 exd4 10. Nxd4 Ne5 11. b3 a6 12. h3 c5 13. Nf3 Nxf3+ 14. Qxf3 Nd7 15.
Bb2 Ne5 16. Qe2 Nc6 17. Qd2 Nd4 18. Ne2 Bxh3 19. Nxd4 Bxg2 20. Kxg2 cxd4 21.
Bxd4 Qe7 22. Bxg7 Kxg7 23. Rad1 Rad8 24. f3 b5 25. cxb5 axb5 26. Qb4 Qe5 27.
Rd5 Qb2+ 28. Rd2 Qe5 29. Red1 Ra8 30. a4 bxa4 31. bxa4 Qa5 32. Qd4+ Qe5 33. f4
Qxd4 34. Rxd4 Rfc8 35. Ra1 Ra6 36. a5 Rc5 37. Rda4 Rc2+ 38. Kf3 Rc3+ 39. Kg2
Rc2+ 40. Kh3 h5 41. R4a2 Rc4 42. Ra4 Rc2 43. R1a2 Rc5 44. Kh4 Kh6 45. Kh3 Rc3
46. Rd2 Rc5 47. Rd5 Rxd5 48. exd5 Kg7 49. Kg2 Kf6 50. Kf3 g5 51. fxg5+ Kxg5 52.
Ke3 f5 53. Kf3 f4 54. gxf4+ Kf5 55. Kg3 Kg6 56. Kh4 Ra8 57. a6 Ra7 58. Kg3 Kf5
59. Kf3 h4 60. Kg2 Kg4 61. Kh2 h3 62. f5+ Kxf5 63. Kxh3 Ke5 64. Ra5 Kd4 65. Kg4
Ke4 66. Kg5 Ke5 67. Kg6 Kd4 68. Kf6 Kc4 69. Ke6 Kb4 70. Ra1 Kc5 71. Rc1+ 1-0

[Event "Woerishofen sen 2016"]
[Site "Bad Woerishofen"]
[Date "2016.02.27"]
[Round "2.39"]
[White "Jurgan, Brigitte"]
[Black "Fuchs, Joachim"]
[Result "0-1"]
[WhiteElo "1476"]
[BlackElo "1884"]
[PlyCount "94"]
[EventDate "2016.02.26"]
[EventType "swiss"]
[EventCountry "GER"]
[WhiteTeam "Grassau ASV"]
[BlackTeam "Starnberg SC"]
[WhiteTeamCountry "GER"]
[BlackTeamCountry "GER"]

1. d4 d5 2. Nf3 Nf6 3. g3 c6 4. c3 h6 5. Bf4 Nh5 6. Be3 Bf5 7. Bg2 Nd7 8. Nbd2
e6 9. b4 a5 10. a3 Bd6 11. O-O O-O 12. Re1 Nhf6 13. Nf1 Ne4 14. Qc1 Nb6 15.
N3d2 Nxd2 16. Nxd2 a4 17. f4 h5 18. Bf2 g5 19. e3 h4 20. Nf1 h3 21. Bh1 Qf6 22.
Ra2 Qg6 23. Nd2 Nc4 24. Nxc4 dxc4 25. Bf3 g4 26. Be2 Bd3 27. Qd1 Qe4 28. Bf3
Qxf3 29. Qxf3 gxf3 30. Raa1 Be2 31. g4 Kh7 32. Bg3 Rg8 33. g5 f6 34. Kf2 fxg5
35. Rg1 gxf4 36. Bxf4 Bxf4 37. exf4 Rg2+ 38. Rxg2 hxg2 39. Kg1 Rf8 40. Kf2 Rxf4
41. Ra2 Rg4 42. Ra1 Kg6 43. Rc1 Kf5 44. Rg1 Kf4 45. Rc1 Rh4 46. Kg1 Ke3 47. Re1
f2+ 0-1

[Event "Woerishofen sen 2016"]
[Site "Bad Woerishofen"]
[Date "2016.02.27"]
[Round "2.40"]
[White "Huhn, Ulrich"]
[Black "Mircoli, Filippo"]
[Result "0-1"]
[WhiteElo "1873"]
[BlackElo "1611"]
[PlyCount "112"]
[EventDate "2016.02.26"]
[EventType "swiss"]
[EventCountry "GER"]
[WhiteTeam "Siemensstadt SF"]
[BlackTeam "ITA"]
[WhiteTeamCountry "GER"]
[BlackTeamCountry "ITA"]

1. d4 Nf6 2. Nc3 d5 3. Bg5 h6 4. Bh4 e6 5. Nf3 Be7 6. Ne5 Nbd7 7. f4 Nxe5 8.
fxe5 Nd7 9. Bxe7 Qxe7 10. Qd3 a6 11. Qg3 O-O 12. e4 c5 13. exd5 cxd4 14. d6 Qg5
15. Qxg5 hxg5 16. Ne4 Nxe5 17. Nxg5 Rd8 18. O-O-O Rxd6 19. c3 Nc6 20. Bc4 b5
21. Bb3 Bb7 22. Rhf1 Rf8 23. Rd2 Na5 24. cxd4 Nxb3+ 25. axb3 Bd5 26. Rc2 Bxb3
27. Rc7 f6 28. Nf3 Bd5 29. Re1 Re8 30. Ra7 Rc8+ 31. Kb1 Rc4 32. Rd1 Rdc6 33.
Re1 Rc2 34. Rxa6 Rxg2 35. Rxc6 Bxc6 36. Nh4 Rxh2 37. Rxe6 Rxh4 38. Rxc6 Rxd4
39. Rb6 Rd5 40. Kc2 Kf7 41. Kc3 f5 42. Rc6 f4 43. Kb4 g5 44. Rh6 f3 45. Rh3 Rf5
46. Rh1 g4 47. Kc3 f2 48. Rf1 g3 49. Kd2 g2 50. Ke2 gxf1=Q+ 51. Kxf1 Rc5 52.
Kxf2 Rc2+ 53. Ke3 Rxb2 54. Kd4 Rd2+ 55. Kc5 b4 56. Kxb4 Rc2 0-1

[Event "Woerishofen sen 2016"]
[Site "Bad Woerishofen"]
[Date "2016.02.27"]
[Round "2.41"]
[White "Hartlaub, Marianne"]
[Black "Neumann, Erwin"]
[Result "0-1"]
[WhiteElo "1541"]
[BlackElo "1870"]
[PlyCount "50"]
[EventDate "2016.02.26"]
[EventType "swiss"]
[EventCountry "GER"]
[WhiteTeam "Klingenberg SK"]
[BlackTeam "Schwaebisch Hall SK"]
[WhiteTeamCountry "GER"]
[BlackTeamCountry "GER"]

1. Nf3 Nf6 2. c4 d5 3. e3 e6 4. g3 b6 5. cxd5 exd5 6. Bg2 Bb7 7. O-O Bd6 8. d4
Nbd7 9. a3 O-O 10. Nc3 c6 11. b4 a6 12. Bb2 Rc8 13. Rc1 Re8 14. Re1 Ne4 15. h4
Ndf6 16. Nh2 Rc7 17. Na4 Rce7 18. Ng4 Re6 19. Bh3 Nxg4 20. Bxg4 Rf6 21. Rc2 Bc7
22. Kg2 Qd6 23. Nc3 Nxf2 24. Rxf2 Qxg3+ 25. Kh1 Rxf2 0-1

[Event "Woerishofen sen 2016"]
[Site "Bad Woerishofen"]
[Date "2016.02.27"]
[Round "2.42"]
[White "Daeubler, Heinrich"]
[Black "Winter, Reinhold"]
[Result "1-0"]
[WhiteElo "2159"]
[BlackElo "1748"]
[PlyCount "53"]
[EventDate "2016.02.26"]
[EventType "swiss"]
[EventCountry "GER"]
[WhiteTeam "Haselmuehl SC"]
[BlackTeam "Neuenkirchen SF"]
[WhiteTeamCountry "GER"]
[BlackTeamCountry "GER"]

1. d4 Nf6 2. c4 e6 3. Nf3 b6 4. g3 Bb7 5. Bg2 d5 6. O-O dxc4 7. Qa4+ Qd7 8.
Qxc4 Qc6 9. Qb3 Qd5 10. Qc2 Bd6 11. Ne1 Ne4 12. Nc3 Qxd4 13. Nxe4 O-O 14. Ng5
g6 15. Bxb7 Nd7 16. Bxa8 Rxa8 17. Nef3 Qg7 18. Qc6 Rd8 19. Rd1 h6 20. Ne4 Ne5
21. Nxe5 Qxe5 22. Bxh6 Qxb2 23. Bg5 Rb8 24. Bf6 Qxe2 25. Nxd6 cxd6 26. Qxd6 Rc8
27. Qd8+ 1-0

[Event "Woerishofen sen 2016"]
[Site "Bad Woerishofen"]
[Date "2016.02.27"]
[Round "2.43"]
[White "Birkestrand, Odd"]
[Black "Kozlov, Alexander"]
[Result "0-1"]
[WhiteElo "1746"]
[BlackElo "2153"]
[PlyCount "102"]
[EventDate "2016.02.26"]
[EventType "swiss"]
[EventCountry "GER"]
[WhiteTeam "NOR"]
[BlackTeam "Stuttgarter SF"]
[WhiteTeamCountry "NOR"]
[BlackTeamCountry "GER"]

1. e4 d6 2. d4 Nf6 3. Nc3 c6 4. Nf3 g6 5. Be2 Bg7 6. O-O O-O 7. h3 Nbd7 8. Be3
e5 9. dxe5 dxe5 10. Qd2 Qc7 11. Rad1 b5 12. a3 Bb7 13. b4 Rfd8 14. Bd3 a6 15.
g4 Nf8 16. Bc5 Ne6 17. Qe3 Nxc5 18. Qxc5 Nd7 19. Qe3 a5 20. Ra1 axb4 21. axb4
Bf8 22. Na2 Ra3 23. Qc1 Rda8 24. Qb2 Qd6 25. Rfd1 Qe6 26. Nc3 Bxb4 27. Rxa3
Bxa3 28. Qb1 Bc5 29. Qc1 Qf6 30. Kg2 Nf8 31. Qh6 Ne6 32. Ne2 Bf8 33. Qe3 Nc5
34. g5 Qe6 35. Nh2 Nxd3 36. Rxd3 c5 37. Ng4 c4 38. Rd7 Bc6 39. Nf6+ Kg7 40. Rd1
Be7 41. Ng4 Ra3 42. Qd2 Bxe4+ 43. Kh2 Bf3 44. Rg1 Bxe2 45. Qxe2 Bxg5 46. f3 h5
47. Nf2 Bf4+ 48. Kh1 Be3 49. Kh2 Qf5 50. Rg2 Qf4+ 51. Kh1 Bd4 0-1

[Event "Woerishofen sen 2016"]
[Site "Bad Woerishofen"]
[Date "2016.02.27"]
[Round "2.44"]
[White "Haakert, Karl"]
[Black "Erdmann, Wolfgang"]
[Result "1-0"]
[WhiteElo "1855"]
[BlackElo "1729"]
[PlyCount "49"]
[EventDate "2016.02.26"]
[EventType "swiss"]
[EventCountry "GER"]
[WhiteTeam "Muelheim SV Turm"]
[BlackTeam "Altstadt SC Roter Turm"]
[WhiteTeamCountry "GER"]
[BlackTeamCountry "GER"]

1. e4 d6 2. d4 Nf6 3. Nc3 g6 4. h3 Bg7 5. Be3 c6 6. Nf3 Qc7 7. Qd2 O-O 8. Be2
Nbd7 9. O-O e5 10. Rad1 b6 11. dxe5 dxe5 12. Bh6 Bb7 13. Bxg7 Kxg7 14. Qe3 Rad8
15. Bc4 h6 16. Rd2 a5 17. a3 Nh7 18. Rfd1 f6 19. b4 b5 20. Bb3 a4 21. Ba2 Nb6
22. Qc5 Rxd2 23. Rxd2 Rd8 24. Nxb5 Qb8 25. Qe7+ 1-0

[Event "Woerishofen sen 2016"]
[Site "Bad Woerishofen"]
[Date "2016.02.27"]
[Round "2.45"]
[White "Floeren, Ernst"]
[Black "Klimpel, Siegfried"]
[Result "1/2-1/2"]
[WhiteElo "1737"]
[BlackElo "1855"]
[PlyCount "109"]
[EventDate "2016.02.26"]
[EventType "swiss"]
[EventCountry "GER"]
[WhiteTeam "-"]
[BlackTeam "Kareth Lappersdorf TSV"]
[BlackTeamCountry "GER"]

1. e4 g6 2. Bc4 Bg7 3. c3 e6 4. d4 d5 5. exd5 exd5 6. Be2 Nf6 7. Bg5 O-O 8. Nf3
Be6 9. O-O Nbd7 10. Qc1 c6 11. h3 Qc7 12. Bh6 Nh5 13. Bxg7 Kxg7 14. Qe3 Rae8
15. Ne5 Nhf6 16. Nd2 Bf5 17. f4 Re7 18. Qg3 Rfe8 19. Bf3 Nb6 20. b3 Ne4 21.
Nxe4 dxe4 22. Bg4 Bxg4 23. Nxg4 e3 24. Rae1 e2 25. Rf2 f6 26. Rf3 Nd5 27. Kf2
h5 28. Nh2 Re3 29. f5 Qxg3+ 30. Rxg3 Rxg3 31. Kxg3 g5 32. c4 Nc3 33. Kf2 Nd1+
34. Kg1 Nc3 35. Kf2 Nxa2 36. Rxe2 Rxe2+ 37. Kxe2 Nc1+ 38. Ke3 Nxb3 39. Nf3 a5
40. Kd3 a4 41. Kc3 Kf7 42. g4 hxg4 43. hxg4 b6 44. Ne1 Ke7 45. Nc2 Kd6 46. Kb4
c5+ 47. Kxa4 Nxd4 48. Ne3 Nf3 49. Nd5 Ne5 50. Nxf6 Kc6 51. Kb3 b5 52. cxb5+
Kxb5 53. Kc3 Ka4 54. Ne4 Nxg4 55. Nxc5+ 1/2-1/2

[Event "Woerishofen sen 2016"]
[Site "Bad Woerishofen"]
[Date "2016.02.27"]
[Round "2.46"]
[White "Blutharsch, Walter"]
[Black "Sand, Rosemarie"]
[Result "1-0"]
[WhiteElo "1854"]
[BlackElo "1723"]
[PlyCount "63"]
[EventDate "2016.02.26"]
[EventType "swiss"]
[EventCountry "GER"]
[WhiteTeam "Sindelfingen VfL"]
[BlackTeam "Tuebingen SV"]
[WhiteTeamCountry "GER"]
[BlackTeamCountry "GER"]

1. d4 Nf6 2. c4 g6 3. Nc3 d5 4. e3 Bg7 5. Bd3 O-O 6. Nge2 c5 7. O-O Nc6 8. cxd5
Nxd5 9. Nxd5 Qxd5 10. e4 Qd8 11. d5 Na5 12. Qc2 b6 13. Bg5 h6 14. Be3 e6 15.
Rad1 exd5 16. exd5 Bb7 17. Be4 Rc8 18. b3 Re8 19. Bf3 Qd7 20. Qd2 Kh7 21. Ng3
f5 22. Ne2 c4 23. b4 c3 24. Qc2 Nc4 25. Bc1 Nd6 26. Nf4 Ba6 27. Rfe1 Rxe1+ 28.
Rxe1 Re8 29. Ne6 Qc8 30. Bf4 Qd7 31. Bxd6 Qxd6 32. Ng5+ 1-0

[Event "Woerishofen sen 2016"]
[Site "Bad Woerishofen"]
[Date "2016.02.27"]
[Round "2.47"]
[White "Kurpiela, Franz"]
[Black "Reichwald, Klaus"]
[Result "1-0"]
[WhiteElo "1722"]
[BlackElo "1852"]
[PlyCount "107"]
[EventDate "2016.02.26"]
[EventType "swiss"]
[EventCountry "GER"]
[WhiteTeam "Oehringen TSG"]
[BlackTeam "Lohhof SC"]
[WhiteTeamCountry "GER"]
[BlackTeamCountry "GER"]

1. e4 c5 2. Nc3 Nc6 3. f4 d6 4. Nf3 g6 5. Bb5 Bd7 6. O-O Bg7 7. d3 e6 8. Qe1
Nge7 9. Be3 O-O 10. a3 a6 11. Bc4 b5 12. Bb3 b4 13. Nd1 a5 14. Ba4 Qc7 15. Qh4
Rae8 16. g4 bxa3 17. Rxa3 Nb4 18. Ne1 Bxa4 19. Rxa4 Nbc6 20. c3 Qd7 21. Ra2 f5
22. g5 Kf7 23. Nf3 Rh8 24. Qf2 Rb8 25. Qc2 Rb5 26. Bd2 Rb7 27. Ne3 Rhb8 28.
Rfa1 Rb3 29. Nd1 Qb7 30. Bc1 Qb6 31. Kf1 Qb5 32. Nd2 fxe4 33. Nxe4 Qa6 34.
Nxd6+ Kf8 35. Qe2 e5 36. fxe5 Nxe5 37. Nc4 Nxc4 38. dxc4 Qb7 39. Qg2 Qd7 40.
Nf2 Qf5 41. Rxa5 Rd8 42. Ra8 Rbb8 43. Rxb8 Rxb8 44. Ra8 Rxa8 45. Qxa8+ Kf7 46.
Qe4 Qd7 47. Be3 Qd6 48. Qf4+ Nf5 49. Qxd6 Nxd6 50. Bxc5 Nb7 51. Bd4 Na5 52.
Bxg7 Kxg7 53. c5 Kf8 54. b4 1-0

[Event "Woerishofen sen 2016"]
[Site "Bad Woerishofen"]
[Date "2016.02.27"]
[Round "2.48"]
[White "Hansch, Klaus Michael"]
[Black "Mueller, Dieter"]
[Result "1-0"]
[WhiteElo "1850"]
[BlackElo "1701"]
[PlyCount "149"]
[EventDate "2016.02.26"]
[EventType "swiss"]
[EventCountry "GER"]
[WhiteTeam "Berlin SC WD"]
[BlackTeam "-"]
[WhiteTeamCountry "GER"]

1. d4 d6 2. Nc3 Nf6 3. Bg5 Nbd7 4. Nf3 h6 5. Bh4 g5 6. Bg3 Nh5 7. e3 Bg7 8. Be2
Nxg3 9. hxg3 b6 10. O-O Bb7 11. a4 Nf6 12. a5 bxa5 13. Rxa5 c5 14. Bb5+ Nd7 15.
Ra1 O-O 16. Qd3 cxd4 17. exd4 Nb8 18. d5 a6 19. Bc4 Qc7 20. Rfe1 Rc8 21. Bb3
Re8 22. Nd4 Nd7 23. Nf5 Nc5 24. Qc4 Bf8 25. Ba2 e6 26. dxe6 fxe6 27. b4 Qc6 28.
f3 d5 29. Nxh6+ Bxh6 30. Qxc5 Qxc5+ 31. bxc5 Bg7 32. Ne2 Bxa1 33. Rxa1 Rac8 34.
Rb1 Ba8 35. Rb6 Rxc5 36. Rxa6 Rxc2 37. Nd4 Rc1+ 38. Kf2 e5 39. Nf5 Rc2+ 40. Kg1
Rd8 41. Rxa8 Rxa8 42. Bxd5+ Kf8 43. Bxa8 Rc1+ 44. Kh2 Rc7 45. Be4 Rh7+ 46. Kg1
Rc7 47. Ne3 Kg7 48. Kf2 Ra7 49. Ke2 Ra2+ 50. Kf1 Ra1+ 51. Kf2 Ra2+ 52. Kg1 Ra1+
53. Kh2 Ra6 54. Kh3 Ra2 55. Kg4 Re2 56. Nc4 Kf6 57. Nb6 Rxg2 58. Nd7+ Ke6 59.
Nf8+ Kf7 60. Nh7 Kg7 61. Nxg5 Kf6 62. Bf5 Rxg3+ 63. Kxg3 Kxf5 64. Ne4 Ke6 65.
Kg4 Kd5 66. Kf5 Kd4 67. Nd2 Kd5 68. Nc4 e4 69. Ne3+ Kd4 70. Nc2+ Kd5 71. fxe4+
Kd6 72. Kf6 Kd7 73. e5 Ke8 74. Ke6 Kd8 75. Kf7 1-0

[Event "Woerishofen sen 2016"]
[Site "Bad Woerishofen"]
[Date "2016.02.27"]
[Round "2.49"]
[White "Lubberich, Alfred"]
[Black "Samarian, Cornel"]
[Result "1/2-1/2"]
[WhiteElo "1848"]
[BlackElo "1693"]
[PlyCount "30"]
[EventDate "2016.02.26"]
[EventType "swiss"]
[EventCountry "GER"]
[WhiteTeam "Nettetal SG"]
[BlackTeam "Lohkirchen SC"]
[WhiteTeamCountry "GER"]
[BlackTeamCountry "GER"]

1. Nf3 Nf6 2. b3 g6 3. Bb2 Bg7 4. e3 O-O 5. c4 d6 6. d4 c5 7. Bd3 Nc6 8. a3
cxd4 9. exd4 d5 10. O-O e6 11. Nbd2 Bd7 12. Ne5 Nxe5 13. dxe5 Ne8 14. Nf3 dxc4
15. Bxc4 b5 1/2-1/2

[Event "Woerishofen sen 2016"]
[Site "Bad Woerishofen"]
[Date "2016.02.27"]
[Round "2.51"]
[White "Oser, Thor"]
[Black "Koppenhoefer, Heinz"]
[Result "1-0"]
[WhiteElo "1838"]
[BlackElo "1672"]
[PlyCount "117"]
[EventDate "2016.02.26"]
[EventType "swiss"]
[EventCountry "GER"]
[WhiteTeam "Joehlingen SK"]
[BlackTeam "Solln STSV"]
[WhiteTeamCountry "GER"]
[BlackTeamCountry "GER"]

1. d4 d5 2. e3 Nf6 3. Bd3 e6 4. f4 c5 5. c3 Nc6 6. Nf3 cxd4 7. exd4 a6 8. Ne5
Be7 9. Qf3 Qc7 10. Nd2 b5 11. a3 Na5 12. O-O Qb6 13. b4 Nc6 14. Bb2 Rb8 15. Nb3
Nd8 16. Na5 O-O 17. g4 g6 18. h4 Kh8 19. Rf2 Kg7 20. h5 Ng8 21. g5 f5 22. gxf6+
Rxf6 23. hxg6 h6 24. Kg2 Bd6 25. Qh5 Qc7 26. Rh1 Qe7 27. Bc1 Qf8 28. Ng4 Rf5
29. Bxf5 Qxf5 30. Qxf5 exf5 31. Ne3 Be6 32. Nb3 Rc8 33. Nc5 Bxc5 34. dxc5 Nc6
35. Rd1 Nf6 36. Nc2 Ne4 37. Rf3 Kxg6 38. Nd4 Nxd4 39. cxd4 Rc6 40. Rh1 Nf6 41.
Rf2 Ng4 42. Re2 Kf6 43. Bd2 Kg6 44. Be1 Kf7 45. Kf3 Kg6 46. Bh4 Kf7 47. Rhe1 h5
48. Bg5 Nf6 49. Bxf6 Kxf6 50. Rh1 Bf7 51. Rhe1 Rc7 52. Rg1 Rc6 53. Kg3 Rc8 54.
Kh4 Rc6 55. Re5 Rc8 56. Rg5 Be6 57. Rxh5 Rc6 58. Rh6+ Kf7 59. Kg5 1-0

[Event "Woerishofen sen 2016"]
[Site "Bad Woerishofen"]
[Date "2016.02.27"]
[Round "2.52"]
[White "Straesser, Gerda"]
[Black "Kumeth, Hartmut"]
[Result "1/2-1/2"]
[WhiteElo "1696"]
[BlackElo "1833"]
[PlyCount "54"]
[EventDate "2016.02.26"]
[EventType "swiss"]
[EventCountry "GER"]
[WhiteTeam "Rottweil SV"]
[BlackTeam "Oldenburg SK"]
[WhiteTeamCountry "GER"]
[BlackTeamCountry "GER"]

1. e4 b6 2. d4 e6 3. Nf3 Bb7 4. Bd3 d5 5. exd5 Bxd5 6. O-O Bd6 7. Bb5+ Bc6 8.
Bxc6+ Nxc6 9. c3 Nge7 10. Nbd2 O-O 11. Ne4 h6 12. Re1 Ng6 13. Nxd6 cxd6 14. g3
Na5 15. b3 d5 16. Qd3 Rc8 17. Bd2 Qf6 18. Kg2 Nc6 19. Rac1 Rc7 20. Rc2 Rfc8 21.
Rec1 Nce7 22. c4 dxc4 23. Rxc4 Rxc4 24. Rxc4 Rxc4 25. Qxc4 Nd5 26. Qd3 Qe7 27.
Kg1 Qc7 1/2-1/2

[Event "Woerishofen sen 2016"]
[Site "Bad Woerishofen"]
[Date "2016.02.27"]
[Round "2.53"]
[White "Roth, Heinz Georg"]
[Black "Thonig, Manfred"]
[Result "1-0"]
[WhiteElo "1823"]
[BlackElo "1660"]
[PlyCount "59"]
[EventDate "2016.02.26"]
[EventType "swiss"]
[EventCountry "GER"]
[WhiteTeam "Lindau SC"]
[BlackTeam "Starnberg SC"]
[WhiteTeamCountry "GER"]
[BlackTeamCountry "GER"]

1. e4 e5 2. Nf3 Nf6 3. Nc3 Nc6 4. d4 exd4 5. Nd5 Bb4+ 6. Nxb4 Nxb4 7. Bg5 h6 8.
Bh4 g5 9. Bg3 Nxe4 10. Nxd4 Nxg3 11. hxg3 Qe7+ 12. Be2 d6 13. O-O Bd7 14. Nb5
Kd8 15. Re1 Qf6 16. c3 Nc6 17. Qd2 a6 18. Nd4 Nxd4 19. cxd4 h5 20. Bf3 Rb8 21.
Rac1 g4 22. Bd5 Be6 23. Qc3 Qe7 24. Bb3 d5 25. Bxd5 Qd6 26. Bxe6 fxe6 27. Rxe6
Qd7 28. d5 Rh7 29. Qf6+ Re7 30. Rce1 1-0

[Event "Woerishofen sen 2016"]
[Site "Bad Woerishofen"]
[Date "2016.02.27"]
[Round "2.54"]
[White "Schlemminger, Degenhard"]
[Black "Mahrla, Hans"]
[Result "1/2-1/2"]
[WhiteElo "1678"]
[BlackElo "1820"]
[PlyCount "130"]
[EventDate "2016.02.26"]
[EventType "swiss"]
[EventCountry "GER"]
[WhiteTeam "Reutlingen SV"]
[BlackTeam "Eichenau SC"]
[WhiteTeamCountry "GER"]
[BlackTeamCountry "GER"]

1. e4 e6 2. d4 d5 3. exd5 exd5 4. Nf3 Nf6 5. Bg5 Be7 6. Bxf6 Bxf6 7. Bd3 O-O 8.
O-O Bg4 9. c3 Nd7 10. Nbd2 Bh5 11. Qc2 Bg6 12. Rfe1 Bxd3 13. Qxd3 g6 14. Re2
Re8 15. Rae1 Rxe2 16. Rxe2 c6 17. Qe3 Qc7 18. g3 Nf8 19. Kg2 Ne6 20. Nb3 b6 21.
Ne5 Re8 22. Qf3 Bxe5 23. Rxe5 Ng7 24. Qe3 Rxe5 25. Qxe5 Qxe5 26. dxe5 Ne6 27.
Kf3 Kg7 28. h4 f6 29. Nd4 Nxd4+ 30. cxd4 fxe5 31. dxe5 c5 32. Ke3 a5 33. a4 h6
34. f4 Kf7 35. g4 Ke6 36. b3 g5 37. fxg5 hxg5 38. hxg5 Kxe5 39. Kd3 Ke6 40. Ke3
Kf7 41. Kf3 Kg6 42. Kf4 d4 43. Ke4 Kf7 44. Kf4 Kg6 45. Ke4 Kxg5 46. Kf3 Kf6 47.
Ke4 Ke6 48. g5 Kf7 49. Kf3 Kg7 50. Ke4 Kg6 51. Kf4 d3 52. Ke3 d2 53. Kxd2 Kxg5
54. Kd3 Kf5 55. Kc4 Ke5 56. Kb5 Kd5 57. Kxb6 c4 58. bxc4+ Kxc4 59. Kxa5 Kc5 60.
Ka6 Kc6 61. a5 Kc7 62. Ka7 Kc8 63. a6 Kc7 64. Ka8 Kc8 65. Ka7 Kc7 1/2-1/2